00329nam a2200121Ia 4500008004100000041000800041082001500049100001800064245004500082260003900127300002900166365001200195240624s9999 xx 000 0 und d aeng a302.35 BOD aBODDY CLIVE R aCORPORATE PSYCHOPATHS ORGANISATIONAL DES c2011aNew YorkbPalgrave Macmillan ax, : 195 : p. : cm. ; 22 cGBPb50